Introduccin̤ al derecho

Detalles Bibliográficos
Autor principal: Squella Narducci, Agustn̕
Formato: Libro
Lenguaje:español
Publicado: [Chile] : Editorial jura̕dica de Chile, 2011
Edición:2® ed.
Colección:Estudios Jurd̕icos
Materias:
Acceso en línea:Acceso restringido

MARC

LEADER 00000nam a22000007a 4500
005 20111017121857.0
008 111017s2011 cl ||||| |||| 00||0 spa d
020 |a 956-10-2082-3 
035 |a 5987 
040 |a vLex 
090 |c 2665  |d 2665 
100 1 |a Squella Narducci, Agustn̕ 
245 1 0 |a Introduccin̤ al derecho  |h [Recurso electrn̤ico] /  |c Agustn̕ Squella Narducci 
250 |a 2® ed. 
256 |a Servicio en ln̕ea. 
260 |a [Chile] :  |b Editorial jura̕dica de Chile,  |c 2011 
300 |a 1 recurso electrn̤ico 
490 0 |a Estudios Jurd̕icos 
500 |a El libro se compone de ocho capt̕ulos. El primero de ellos clarifica de manera breve los distintos usos o significados de la palabra “derecho”, mientras que el l︢timo fija un concepto de derecho al hilo de las explicaciones previas que acerca del fenm̤eno jurd̕ico proporcionan los restantes capt̕ulos de la obra. Esos otros capt̕ulos tratan de materias tales como las normas y las normas jurd̕icas en particular; de los estǹdares jurd̕icos distintos de las normas; de las relaciones y diferencias entre derecho y moral; de los derechos fundamentales de la persona humana; de las fuentes del derecho; del ordenamiento jurd̕ico; de la interpretacin̤ e integracin̤ del derecho, y de las funciones y fines del derecho. 
506 1 |a Contenido solo disponible en los productos indicados  |d vLex Global  |d vLex Global (Academic Edition, excluding Law Schools)  |d vLex Global (U.S. Academic Edition, Law Schools)  |d vLex Global (U.S. Academic Edition, excluding Law Schools)  |d vLex Global (Academic Edition, Law Schools) 
650 0 4 |a Derecho  |z Chile 
740 0 |a vLex Libros (Servicio en ln̕ea) 
856 4 0 |u http://vlex.com/source/5987  |z Acceso restringido 
942 |c BOOK